000 00480nam a22001577a 4500
005 20260325181530.0
008 260325b |||||||| |||| 00| 0 eng d
020 _a9781418842949
050 _aHF5548.4
_b.M523
100 _aReding, Elizabeth Eisner
245 _aMicrosoft Office Excel 2003
_bbrief
250 _billustrated, coursecard edition
260 _aAustralia
_bThomson Course Technology
_c2006
300 _aviii. various paging
_bill. color
_c27.5cm
942 _2lcc
_cBK
_n0
999 _c9164
_d9164